000 00685nam a2200289Ia 4500
005 20260324150301.0
008 008 260324s9999 xx 000 0 eng d
020 _a9781003127758
037 _aEBOOK
040 _aCRL
040 _beng
040 _cCRL
041 _2eng
041 _aeng
084 _qCRL
100 _aJohn Blofeld
_91221430
245 4 _aThe Way of Power
245 2 _bA Practical Guide to the Tantric Mysticism of Tibet
260 _bTaylor and Francis
260 _c1970
365 _a
365 _b170
856 _uhttp://www.taylorfrancis.com/books/9781003127758
942 _cEBOOK
999 _c1835074
_d1835074